The right of assembly and association /

Bibliographic Details
Main Author: Abernathy, M. Glenn (Mabra Glenn), 1921-
Format: Book
Language:English
Published: Columbia, SC : University of South Carolina Press, 1981.
Edition:2nd ed., rev., 1st paperback ed.
Subjects:

MARC

Tag First Indicator Second Indicator Subfields
LEADER 00000cam a2200000 a 4500
001 in00000085004
005 20240228115256.0
008 820316s1981 scu b s001 0 eng
010 |a  82105461  
019 |a 7959559  |a 1342233550  |a 1370958675 
020 |a 0872494101  |q (pbk.) 
020 |a 9780872494107  |q (pbk.) 
029 1 |a AU@  |b 000002203127 
029 1 |a AU@  |b 000021960317 
029 1 |a NZ1  |b 2562079 
029 1 |a NZ1  |b 140194 
035 |a (OCoLC)ocm08390073  
035 |a (OCoLC)8390073  |z (OCoLC)7959559  |z (OCoLC)1342233550  |z (OCoLC)1370958675 
035 |a (OCoLC)ocm08390073  
040 |a DLC  |b eng  |c DLC  |d YDXCP  |d OCLCG  |d CLU  |d BDX  |d OCLCO  |d OCLCF  |d EZN  |d OCLCQ  |d OCLCO  |d OCLCQ  |d OCLCO  |d OCLCA  |d OCLCL 
043 |a n-us--- 
050 0 4 |a KF4778  |b .A93 1981 
082 0 |a 342.73/0854  |a 347.302854  |2 19 
100 1 |a Abernathy, M. Glenn  |q (Mabra Glenn),  |d 1921-  |1 https://id.oclc.org/worldcat/entity/E39PCjvdCPhH9YdqtpjrCVDkQq 
245 1 4 |a The right of assembly and association /  |c by M. Glenn Abernathy. 
250 |a 2nd ed., rev., 1st paperback ed. 
260 |a Columbia, SC :  |b University of South Carolina Press,  |c 1981. 
300 |a vi, 319 pages ;  |c 23 cm 
336 |a text  |b txt  |2 rdacontent 
337 |a unmediated  |b n  |2 rdamedia 
338 |a volume  |b nc  |2 rdacarrier 
504 |a Includes bibliographical references (pages 306-310). 
500 |a Includes indexes. 
505 0 |a The Approach -- The Intent of the Framers -- Unlawful Assembly -- Assemblies in the Public Streets -- Street Parades and Processions -- Assemblies in the Public Parks -- Federal Protection of the Right of Assembly -- The Right of Association -- Restrictions on the Right to Associate -- The Constitutional Right of Association -- Recent Developments in the Right of Assembly -- Recent Developments in the Rights of Association -- Prospects -- Selected References -- Table of Cases -- Index. 
650 0 |a Assembly, Right of  |z United States. 
650 0 |a Freedom of association  |z United States. 
650 6 |a Liberté de réunion  |z États-Unis. 
650 6 |a Liberté d'association  |z États-Unis. 
650 7 |a Assembly, Right of.  |2 fast  |0 (OCoLC)fst00819011 
650 7 |a Freedom of association.  |2 fast  |0 (OCoLC)fst00934011 
651 7 |a United States.  |2 fast  |0 (OCoLC)fst01204155  |1 https://id.oclc.org/worldcat/entity/E39PBJtxgQXMWqmjMjjwXRHgrq 
758 |i has work:  |a The right of assembly and association (Text)  |1 https://id.oclc.org/worldcat/entity/E39PCGHBkqvcBDKdKXfjWrTQWP  |4 https://id.oclc.org/worldcat/ontology/hasWork 
776 0 8 |i Online version:  |a Abernathy, M. Glenn (Mabra Glenn), 1921-  |t Right of assembly and association.  |b 2nd ed., rev., 1st paperback ed.  |d Columbia, SC : University of South Carolina Press, 1981  |w (OCoLC)560908399 
938 |a Brodart  |b BROD  |n 32563035  |c $14.95 
938 |a YBP Library Services  |b YANK  |n 903151 
948 |h HELD BY TXA - 240 OTHER HOLDINGS 
994 |a Z0  |b TXA 
999 f f |s e0643c73-109d-33d7-aa17-a49c28705b2d  |i 3b987df1-97d2-3b14-af0f-eb584027d8b0  |t 0 
952 f f |p ric  |a Texas A&M University  |b Rellis Campus  |c Joint Library Facility  |d Remote Storage  |t 0  |e KF4778 .A3 1981  |h Library of Congress classification  |i unmediated -- volume  |m A14806156432 
998 f f |a KF4778 .A3 1981  |t 0  |l Remote Storage